Statistiken für Schnelles Tippen

Klicken Sie hier um das Quiz zu spielen!

Allgemein

  • Dieses Quiz wurde 2.302 mal gespielt
    (2.281 seit der letzten Aktualisierung)
  • Das Durchschnittsergebnis liegt bei 25 aus 60

Antwortstatistiken

HintAntwort% Korrekt
11
100%
22
97%
33
93%
44
91%
55
90%
66
90%
77
89%
88
88%
99
87%
1010
79%
1111
77%
1212
75%
1313
74%
1414
74%
1515
72%
1616
71%
1717
71%
1818
69%
1919
68%
2020
63%
2121
63%
2222
60%
2323
57%
2424
53%
2525
51%
2626
49%
2727
47%
2828
46%
2929
44%
3030
38%
3131
36%
3232
32%
3333
31%
3434
28%
3535
25%
3636
23%
3737
21%
3838
19%
3939
17%
4040
14%
4141
14%
4242
13%
4343
10%
4444
10%
4545
9%
4646
7%
4747
6%
5151
6%
5050
5%
5252
5%
4848
4%
4949
4%
5555
4%
5353
3%
5454
3%
5656
3%
6060
3%
5757
2%
5858
2%
5959
1%

Verteilung der Resultate

Perzentil nach korrekt beantworteten Fragen

Anzahl Personen mit jedem Resultat

Ihre Resultats-Entwicklung

Sie haben dieses Quiz seit der letzten Aktualisierung nicht gespielt